Statistics for Top 15 Countries with Covid-19 Cases - 16 August

Click here to take the quiz!

General Stats

  • This quiz has been taken 9 times
  • The average score is 17 of 24

Answer Stats

country% Correct
Mexico
100%
United Kingdom
100%
United States
100%
Brazil
89%
Colombia
89%
India
89%
Pakistan
89%
Russia
89%
Spain
78%
Argentina
67%
Chile
67%
Chile
67%
Iran
67%
Oman
67%
Peru
67%
Qatar
67%
South Africa
67%
Bahrain
56%
Kuwait
56%
Saudi Arabia
56%
Armenia
44%
Israel
44%
Panama
44%
Singapore
44%

Score Distribution

Percentile by Number Answered

Percent of People with Each Score

Your Score History

You have not taken this quiz